Començar a viure pel teu compte : estratègies per consumir responsablement : guia de l'usuari estratègies per consumir responsablement :
Publicado:
Barcelona :
Diputació de Barcelona. Àrea de Salut Pública i Consum. Servei de Suport a les Polítiques de Consum ,
2009
Descripción Física:
23 p., 13 f. solts ; 21 cm
MARC
| LEADER | 00000nam a2200000Ia 4500 | ||
|---|---|---|---|
| 001 | 22174 | ||
| 008 | 160829s2009 xx 000 0 cat d | ||
| 080 | |a FU-49-84 | ||
| 245 | |a Començar a viure pel teu compte : |b estratègies per consumir responsablement : |b guia de l'usuari | ||
| 260 | |a Barcelona : |b Diputació de Barcelona. Àrea de Salut Pública i Consum. Servei de Suport a les Polítiques de Consum, |c 2009 | ||
| 300 | |a 23 p., 13 f. solts ; |c 21 cm | ||
| 650 | 0 | |a Educació del consumidor |9 26804 | |
| 650 | |a Joves consumidors |9 42095 | ||
| 710 | 1 | |a Barcelona (Catalunya : Província). |b Servei de Suport a les Polítiques de Consum |9 52739 | |
| 901 | |a Arxiu | ||
| 942 | |n 1 | ||
| 952 | |0 0 |1 0 |4 0 |6 FU4984 |7 1 |9 50663 |a Arxiu |b Arxiu |d 2016-12-01 |l 0 |o FU-49-84 |p 22174 |r 2016-12-01 00:00:00 |w 2016-12-01 |y ARXIU | ||
| 999 | |c 54505 |d 54505 | ||